|
|
|
|
| LEADER |
00000nam a22000007i 4500 |
| 001 |
IT\ICCU\UBO\3657233 |
| 003 |
ItRI |
| 005 |
20260115231831.0 |
| 008 |
090626s1988 xxu|||||| ||||| |||||c |
| 020 |
|
|
|a 1555831273
|
| 040 |
|
|
|b ita
|c importazione bologna sebina
|
| 041 |
|
7 |
|a eng
|2 ISO-639-2
|
| 100 |
1 |
|
|a Clark, Donald H.
|0 IT\ICCU\MILV\177819
|4 aut
|
| 245 |
1 |
0 |
|a As we are /
|c Donald H. Clark.
|
| 260 |
|
|
|a Boston :
|b Alyson,
|c 1988
|
| 300 |
|
|
|a 175 p. ;
|c 22 cm.
|
| 790 |
1 |
|
|a Clark, Don
|c (psicologo)
|3 IT\ICCU\BCTV\012334
|z Clark, Donald H.
|
| 942 |
|
|
|2 ddc
|c BK
|n 0
|
| 952 |
|
|
|0 0
|1 0
|4 0
|6 A_306_766000000000000_CLA
|7 0
|9 13824
|a BO
|b BO
|d 2026-01-15
|i 1596
|l 0
|o A 306.766 CLA
|p BO1596
|r 2026-01-15 23:18:31
|w 2026-01-15
|x [Sebina 5] [1 v.]
|y BK
|z 1 v.
|
| 999 |
|
|
|c 11896
|d 11896
|